00830nam a22002657a 45000010005000000030006000050050017000110080041000280200015000690400030000840500013001140820008001271000028001352450077001632600036002403000049002764900017003254900023003425050008003655200097003735210020004705210020004906500020005107000034005303147FISKH20241119085543.0240214b cb ||||| |||| 00| 0 eng d a0590982311 aFISKHbeng cFISKHdFISKH aPZ7.M652 a809 aMinarik, Else Holmelund aLittle bear /bby Minarik, Else Holmelund : pictures by Sendak, Maurice  aNew York : bScholastic ,c1957 a63 pages : bcolor illustrations ;c22 cm .  aLittle Bear  aAn I can read book aG  aLittle Bear's four adventures include taking a trip to the moon and having a birthday party.8 a370 bLexile 8 aG bRaz-Plus  abears vfiction aSendak, Maurice eillustrator